Responses for show #612 - Tuesday, April 14, 1987

Contestants

[<< previous game]

Vince Scott, a physician originally from Detroit, Michigan

Carol Jackson, a teacher originally from Glasgow, Scotland

Jim Ryan, a writer from Alexandria, Virginia (whose 1-day cash winnings total $6,050)

Jeopardy! Round responses

SAN FRANCISCO
(Alex: Wonderful city!)
BEAUTY SECRETS
NAME THAT TEAM
ROCK 'N ROLL
GHOSTS
DOUBLE TALK
    $100 3
(Carol: What is east?)
(Vince: What is from the east?)

the south

JimCarolVince
    $100 13
(Vince: Who is Ronald Reagan?)

George Washington

CarolVince
    $100 21
(Alex: Minute to go in the round.)

Boston Celtics

Triple Stumper
    $100 1
Winter

Jim
    $100 8
Pontius Pilate

Jim
    $100 10
Zsa Zsa

Triple Stumper
    $200 7
Fisherman's Wharf

Carol
    $200 14
cucumber

Vince
    $200 22
New York Yankees

Jim
    $200 2
The Commodores

Vince
    $200 24
medium

Jim
    $200 11
bon bon

Carol
    $300 9
cable cars

Carol
    $300 19
almond paste

Vince
    $300 23
California Angels

Carol
    $300 4
RCA

Jim
    $300 27
(Carol: Who is Mary, Queen of Scots?)

Anne Boleyn

JimCarol
    $100 12
(Carol: No idea.)

"Louie Louie"

Carol
    $400 15
(Vince: What is a footrace...a marathon?)

marathon

Vince
    $400 20
Bob Hope

Jim
    $400 25
Green Bay Packers

Triple Stumper
    $400 5
Jimmy Buffett

Jim
    $400 28
(Alex: Edward Teach's ghost.)
[end-of-round signal sounds]

Blackbeard

Jim
    $400 17
(Jim: What is Bora Bora?)

Pango Pango

JimCarol
    $500 16
the morning fog

Triple Stumper
    $500 26
Detroit Red Wings

Vince
    $500 6
Malo

Triple Stumper
    $500 18
Boom Boom

Triple Stumper

Scores at the first commercial break (after clue 12):

Jim Carol Vince
$1,000 $500 $100

Scores at the end of the Jeopardy! Round:

Jim Carol Vince
$2,100 $1,000 $1,400

Double Jeopardy! Round responses

BOOKS & AUTHORS
RELIGION
FIRSTS
STAMPS
PRESIDENTIAL TRIVIA
"THE"
    $200 1
Frank Sinatra

Jim
    $200 10
German

Jim
    $200 23
satellite

Vince
    $200 13
upside-down

Vince
    $200 2
Andrew Jackson

Carol
    $200 16
The Earth

Jim
    $500 3
The Case of the...

Carol
    $400 11
Haiti

Jim
    $400 24
League of Women Voters

Jim
    $400 14
cancellation mark

Vince
    $400 6
Thomas Jefferson

Jim
    $400 19
The Bronx

Jim
    $600 4
(Vince: What is "The Cardinal?")

Sophie's Choice

CarolVince
    $600 12
mantra

Vince
    $600 25
atomic

Triple Stumper
    $600 15
philately

Carol
    $600 7
(Alex: David Hartman posed this question to last year's Tournament of Champions winner, Chuck Forrest, on the "Good Morning America" show.)

Ronald Reagan

Triple Stumper
    $600 20
the White Album

Jim
    $800 5
William Peter Blatty

Jim
    $800 17
synagogue

Jim
    $800 26
nylon

Vince
    $800 29
[end-of-round signal sounds]

Cardinal Spellman

Triple Stumper
    $800 8
Simon Bolivar

Jim
    $800 21
The The

Triple Stumper
    $1000 28
James Clavell

Jim
    $1000 18
(Jim: What is the Episcopal Church?)

Eastern Orthodox

Jim
Triple Stumper
    $1000 27
Cherokee

Jim
    $1000 9
Teddy Roosevelt

Jim
    $1,000 22
(Jim: What are the Netherlands?)
(Alex: You only gave me half of them; less than a minute to go in the round.)

The Netherlands & The Hague

Jim

Scores at the end of the Double Jeopardy! Round:

Jim Carol Vince
$8,300 $2,900 $3,000
(lock game)

[wagering suggestions for these scores]

Final Jeopardy! Round responses

THE MOVIES
CarolWho is Julie Andrews?
$2,800
VinceWho is Julie Andrews
$1,000
JimWho is Julie Andrews?
$2,000
Julie Andrews

Final scores:

Jim Carol Vince
$10,300 $5,700 $4,000
2-day champion: $16,350 2nd place: Trip to Fort Lauderdale, Florida 3rd place: Whirlpool refrigerator

Game dynamics:

Coryat scores:

Jim Carol Vince
$9,300 $2,900 $3,000
24 R,
3 W
(including 1 DD)
10 R
(including 1 DD),
3 W
(including 1 DD)
10 R,
3 W

Combined Coryat: $15,200

The J! Archive is created by fans, for fans. The Jeopardy! game show and all elements thereof, including but not limited to copyright and trademark thereto, are the property of Jeopardy Productions, Inc. and are protected under law. This website is not affiliated with, sponsored by, or operated by Jeopardy Productions, Inc. Join the discussion at JBoard.tv.